000 00380pam a2200157a 44500
008 230515b2002 xxu||||| |||| 00| 0 eng d
020 _aNULL
041 _aENGL
082 _a006.6/ ROG.
100 _aROGERS D.F. & ADAMS J.A.
245 _aMATHEMATICAL ELEMENTS FOR COMPUTER GRAPHICS
250 _aN.D.
260 _aNULL
_bT.M.H
_c2002
300 _a611 PB
650 _aNULL
999 _c654090
_d654090